000 00535nam a22001937a 4500
003 KOHA_MİRAKIL
005 20251001154756.0
008 251001b tu ||||| |||| 00| 0 tur d
020 _a9789750534935
040 _aTR-AnABB
_btur
_cTR-AnABB
041 _atur
082 _a813.42
_bPIR 2023
100 1 _aPirselimoğlu, Tayfun,
245 1 0 _aKerr /
_cTayfun Pirselimoğlu
260 _aİstanbul :
_bİletişim Yayınları,
_c2023
300 _a271 sayfa ;
_c21 cm
650 0 4 _aTürk edebiyatı, roman
942 _2ddc
_cBK
999 _c9019
_d9019
900 _bGizem YORULMAZ